|
|
|
|
| LEADER |
02290cas a2200277 a 4500 |
| 001 |
AALejournalIMF019368 |
| 008 |
230101c9999 xx r poo 0 0eng d |
| 020 |
|
|
|c 5.00 USD
|
| 020 |
|
|
|z 9781498317054
|
| 022 |
|
|
|a 1018-5941
|
| 040 |
|
|
|a BD-DhAAL
|c BD-DhAAL
|
| 100 |
1 |
|
|a David, Antonio.
|
| 245 |
1 |
4 |
|a The Rewards of Fiscal Consolidation :
|b Sovereign Spreads and Confidence Effects /
|c Antonio David, Jaime Guajardo, Juan Yepez.
|
| 264 |
|
1 |
|a Washington, D.C. :
|b International Monetary Fund,
|c 2019.
|
| 300 |
|
|
|a 1 online resource (28 pages)
|
| 490 |
1 |
|
|a IMF Working Papers
|
| 500 |
|
|
|a <strong>Off-Campus Access:</strong> No User ID or Password Required
|
| 500 |
|
|
|a <strong>On-Campus Access:</strong> No User ID or Password Required
|
| 506 |
|
|
|a Electronic access restricted to authorized BRAC University faculty, staff and students
|
| 520 |
3 |
|
|a This paper investigates the effects of fiscal consolidation announcements on sovereign spreads in a panel of 21 emerging market economies during 2000-18. We construct a novel dataset using a global news database to identify the precise announcement date of fiscal consolidation actions. Our results show that sovereign spreads decline significantly following news that austerity measures have been approved by the legislature (congress or parliament), in periods of high sovereign spreads or in countries under an IMF program. In addition, consolidation announcements are less contractionary when sovereign spreads decline, with the reduction in output being half of the counterfactual case in which spreads do not respond to announcements. These results constitute direct evidence that confidence effects, in the form of lower sovereign spreads, are an important transmission channel of fiscal shocks. We also find that the role of confidence effects increases with the level of spreads such that countries with high spread levels stand to benefit the most from putting in place credible austerity packages.
|
| 538 |
|
|
|a Mode of access: Internet
|
| 651 |
|
7 |
|a United States
|2 imf
|
| 700 |
1 |
|
|a Guajardo, Jaime.
|
| 700 |
1 |
|
|a Yepez, Juan.
|
| 830 |
|
0 |
|a IMF Working Papers; Working Paper ;
|v No. 2019/141
|
| 856 |
4 |
0 |
|z Full text available on IMF
|u http://elibrary.imf.org/view/journals/001/2019/141/001.2019.issue-141-en.xml
|z IMF e-Library
|